00333nam a22000977a 450000500170000002000180001708200240003524501060005926000500016530000200021520260630144520.0 a9781108496445 a320.941 090 5 WHI/B aBrexit Britain: bthe consequences of the vote to leave the European Union/cby Paul Whitely, et. al a. - U Kb: Cambridge University Pressc, 2023 axxiii+354 pages